UBT Library

Clinical voice pathology : (Record no. 40836)

000 -LEADER
fixed length control field 00934cam a22002774a 4500
001 - CONTROL NUMBER
control field 11827026
005 - DATE AND TIME OF LATEST TRANSACTION
control field 20180124041054.0
008 - FIXED-LENGTH DATA ELEMENTS--GENERAL INFORMATION
fixed length control field 991029s2000 caua b 001 0 eng c
010 ## - LIBRARY OF CONGRESS CONTROL NUMBER
LC control number 99057053
020 ## - INTERNATIONAL STANDARD BOOK NUMBER
International Standard Book Number 0769300057 (soft cover : alk. paper)
035 ## - SYSTEM CONTROL NUMBER
System control number (DNLM)100899296
040 ## - CATALOGING SOURCE
Original cataloging agency DNLM/DLC
Transcribing agency DLC
Modifying agency DLC
041 ## - LANGUAGE CODE
Language code of text/sound track or separate title eng
042 ## - AUTHENTICATION CODE
Authentication code pcc
060 10 - NATIONAL LIBRARY OF MEDICINE CALL NUMBER
Classification number WV 500
Item number S824c 2000
080 ## - UNIVERSAL DECIMAL CLASSIFICATION NUMBER
Universal Decimal Classification number 616.855 STE
082 00 - DEWEY DECIMAL CLASSIFICATION NUMBER
Classification number 616.855 STE
Edition number 21
100 1# - Rafti
Rafti 9
101 ## - Shkurtesa
Shkurtesa PAT
245 10 - TITLE STATEMENT
Title Clinical voice pathology :
Statement of responsibility, etc Joseph C. Stemple, Leslie E. Glaze, Bernice K. Gerdeman.
504 ## - BIBLIOGRAPHY, ETC. NOTE
Bibliography, etc Includes bibliographical references and index.
906 ## - LOCAL DATA ELEMENT F, LDF (RLIN)
a 7
b cbc
c orignew
d 1
e ocip
f 19
g y-gencatlg
942 ## - ADDED ENTRY ELEMENTS (KOHA)
Source of classification or shelving scheme
Item type Books
Holdings
Withdrawn status Lost status Source of classification or shelving scheme Damaged status Not for loan Collection code Permanent location Current location Shelving location Date acquired Total Checkouts Full call number Barcode Date last seen Price effective from Koha item type
          Koleksioni i përgjithshem UBT - Lipjan UBT - Lipjan Koleksioni i përgjithshem 01/24/2018   616.855 STE 002-2996313 01/24/2018 01/24/2018 Books
UBT Library © 2015-2024. All rights reserved University Education for Business and Technology